Sports Quiz

Random Sports or MLB Quiz

USA World Baseball Classic Roster (2013) Quiz Stats

 Plays Quiz Updated Feb 27, 2020

Support Sporcle.
Go Orange.
Score 0/28 Timer 05:00
0 Plays Today
Group Player % Correct
Position PlayersDavid Wright
87%
Position PlayersJoe Mauer
84.5%
Position PlayersJimmy Rollins
82.3%
Position PlayersAdam Jones
82.1%
Position PlayersRyan Braun
81.6%
Position PlayersBrandon Phillips
77.1%
Position PlayersGiancarlo Stanton
75.9%
Position PlayersEric Hosmer
64.4%
Position PlayersBen Zobrist
57.7%
Position PlayersJonathan Lucroy
50.2%
PitchersGio Gonzalez
46%
PitchersRA Dickey
43.8%
Position PlayersJP Arencibia
39.7%
PitchersCraig Kimbrel
37.7%
Group Player % Correct
PitchersDerek Holland
35.6%
Position PlayersShane Victorino
32.6%
PitchersRyan Vogelsong
31.1%
PitchersHeath Bell
27.8%
PitchersJeremy Affeldt
18.5%
PitchersGlen Perkins
16.6%
Position PlayersWillie Bloomquist
14.5%
PitchersSteve Cishek
14.4%
PitchersDavid Hernandez
12.4%
PitchersRoss Detwiler
11.7%
PitchersVinnie Pestano
11.1%
PitchersMitchell Boggs
9.7%
PitchersLuke Gregerson
9.5%
PitchersTim Collins
9.2%

You're not logged in!

Compare scores with friends on all Sporcle quizzes.
OR
Log In

From the Vault

Name That Novel

by Ben

If it helps, some of these books have been turned into pretty good movies.
Remove Ads.
Support Sporcle.
Get the best of Sporcle when you Go Orange. This ad-free experience offers more features, more stats, and more fun while also helping to support Sporcle. Thank you for becoming a member.

Show Comments

Extras

Top Quizzes Today


Score Distribution

Your Account Isn't Verified!

In order to create a playlist on Sporcle, you need to verify the email address you used during registration. Go to your Sporcle Settings to finish the process.

Report this User

Report this user for behavior that violates our Community Guidelines.

Details: